000 00849nac a22002657a 4500
001 BR9405823
003 BR-BrBNA
005 20240105121558.0
008 230509b bl.|||m| |||| 00| 0 por d
040 _aBR-BrBNA
_bpor
_cBiblioteca Nacional de Agricultura
072 _aH60
090 _a0336 BR9405823
100 1 _aVoll, E.
100 1 _aKaran, D.
100 1 _aGazziero, D.L.P.
110 1 _aCentro Nacional de Pesquisa de Soja, Londrina, PR (Brasil)
_91793
245 1 _aDinamica de populacoes de plantas daninhas na cultura da soja
260 3 _aLondrina, PR (Brasil):
_c1991.
300 _a4 p.
490 _aPesquisa em Andamento - Centro Nacional de Pesquisa de Soja (Brazil)
_vno. 11
_xISSN 0100-8161
650 _aSoja
650 _aErva Daninha
909 _a202312
_bLúcia Elande
_c55
_dLúcia Elande
942 _2AGRIS
_n0
_cMS
999 _c286137
_d286137